| 000 | 00996nam a22003137a 4500 | ||
|---|---|---|---|
| 003 | CHAP | ||
| 005 | 20230613062623.0 | ||
| 008 | 971013s1919 r 00010 d | ||
| 010 | _a71209 | ||
| 011 | _a72181 | ||
| 035 | _a81735 | ||
| 040 | _cCHAP | ||
| 082 |
_a507.2 _bS82 |
||
| 110 |
_aAgencia Gubernamental Sueca de Cooperación Científica con los Países en Desarrollo _91115 |
||
| 245 | _aSAREC project catalogue | ||
| 260 |
_aStockholm : _bSAREC, _c19 -19 . |
||
| 300 | _av. | ||
| 500 | _aLa biblioteca tiene: 1987 | ||
| 590 |
_aBATCH-UPD _b10 _c20130110 _lUCH01 _h1049 |
||
| 590 |
_aBATCH-UPD _b10 _c20130410 _lUCH01 _h0646 |
||
| 590 |
_aBATCH-UPD _b10 _c20130914 _lUCH01 _h1044 |
||
| 590 |
_aCONVERSION _b10 _c20130109 _lUCH01 _h1339 |
||
| 650 | 1 | 4 |
_aConvenios internacionales. _927657 |
| 650 | 1 | 7 |
_aCooperación internacional _2 _927771 |
| 650 | 1 | 4 |
_aInvestigación. _960221 |
| 901 | _aBK | ||
| 942 | _cLIBRO | ||
| 949 |
_a507.2 S82 _bBC _cC _d33724000534392 _eC _f1987 _h71256 _i81735 _mD _si |
||
| 999 |
_c71209 _d71209 |
||